000
00314nam a2200145Ia 4500
003
OSt
008
191201s2019 xx 000 0 und d
082
_a
658.15
_b
KEM
100
_a
KEAT,Paul G
245
0
_a
Management Economics
260
_a
New Delhi
_b
Pearson
300
_a
551
650
_a
MBA
942
_2
ddc
_c
BK
999
_c
5375
_d
5375